000 00782nam a2200277 a 4500
003 AR-BaBNM
005 20251128210102.0
008 082120s2002 ||||||||||||||000 | spa||
020 _a84-277-0615-4
040 _cAR-BaBNM
100 1 _aSimon, Jean-Claude
245 0 0 _aLa educación y la informatización de la sociedad
260 _aMadrid
_bNarcea
_c1983
300 _a268 p.
490 0 _aEducación hoy. Estudios
500 _aContiene vocabulario p. 261-264
500 _aContiene índice de autores y temático p. 2265-268
504 _aContiene bibliografía p. 255-259
650 4 _aINFORMATICA
650 4 _aCOMUNICACION
650 4 _aENSEÑANZA
650 4 _aPROCESO DE APRENDIZAJE
650 4 _aEDUCACION Y EMPLEO
942 _cBK
998 _cRaquel
999 _c13974
_d13974